Impermaneuce in the face of on effective life: the wisdom of conserration meditation, to carry cut a beautiful life (Chinese)

Bibliographic Details
Main Author: Zheng, Yan
Format: Book
Published: Taibei : Yuan- Liou Publishing Follio , 2006
Subjects:

MARC

LEADER 00000cam a2200000 7i4500
001 0000024539
005 20090101.0
008 090101
020 |a 9573258625 
090 0 0 |a 177.2   |b ZHE 
100 0 |a Zheng, Yan 
245 1 0 |a Impermaneuce in the face of on effective life: the wisdom of conserration meditation, to carry cut a beautiful life (Chinese)   |c Zheng Yan 
260 |a Taibei :   |b Yuan- Liou Publishing Follio ,   |c 2006 
650 0 |a Cultivation 
650 0 |a Life guidonce 
999 |a 0001036944   |b Book   |c Chinese Collection   |e Perbadanan Perpustakaan Awam Johor